000 00599nam a2200205 4500
008 b xx# fre u
010 _a5319/20-17692
040 _aLB-BrCRDP
082 _a372.87/C736e
100 1 _aCompagnon, Germaine
130 1 _lFR
245 1 0 _aEducation du sens rythmique
_benfants de 4 à 8 ans
_cGermaine Compagnon; Maurise Thomet
260 _aParis
_bA. Colin
_c1970
300 _a107p. :
_bfig. ;
_c24cm
490 0 _aCahiers de pédagogie moderne; 20
650 _aRythmique
700 1 0 _aThomet, Maurise
942 _cBK
999 _c13070
_d13070